• 首页
  • 本馆介绍
  • 公告通知
  • 最新文献
  • 馆藏检索
  • 电子资源
  • 读者导购
  • 参考咨询
  • 我的图书馆
  • 登录
  • 详细信息显示
  • 放入我的书架
  • 预约/预借图书
  • 作者相关作品
  • 分类相关作品
  • 丛书相关作品
  • 出版社相关作品

书目信息

  • 表格格式
  • 工作单格式
  • 卡片格式
题名:
马卡连柯教育文集
    
 
作者: 马卡连柯 著 ;吴式颖 编
分册: 第七卷  
出版信息: 北京   人民教育出版社  1959
页数: 561页
开本: 21cm
丛书名: 外国教育名著丛书
单 册:
中图分类: G40
科图分类:
主题词: 教育学
电子资源:
ISBN:
000 00731nam2 2200265 45
001 0185003347
005 20060913171116.00
010    @dCNY2.10
091    @a7012.01026
100    @a19900816d1959 kemy0chiy0121 ea
101 1  @achi@crus
102    @aCN@b110000
105    @ac z 000yy
200 10 @a马卡连柯教育文集@Ama ka lian ke jiao yu wen ji@h第七卷@f(苏)马卡连柯著@g吴式颖等编
210    @a北京@c人民教育出版社@d1959
215    @a561页@c肖像@d21cm
225 2  @a外国教育名著丛书
410  0 @120010@a外国教育名著丛书
606 0  @a教育学
690    @aG40@v3
701  0 @a马卡连柯@4著
702  0 @a吴式颖@Awu shi ying@4编
801  2 @aCN@bNLC@c20060913
801  0 @aCN@b深圳图书馆@c20050405
905    @dG40@e101:7
    
    马卡连柯教育文集.第七卷/(苏)马卡连柯著/吴式颖等编.-北京:人民教育出版社,1959
    561页:肖像;21cm.-(外国教育名著丛书)
    
    
    ISBN :CNY2.10
    
●
相关链接 在E读中查询图书 在五车中查询图书 在当当中查询图书 在豆瓣中查询图书


正题名:马卡连柯教育文集     索取号:G40/101:7         预约/预借

序号 登录号 条形码 馆藏地/架位号 状态 备注
1 0474363   204743634   密集书库/ [索取号:G40/101:7] 在馆    
唐山师范学院图书馆 欢迎您!
大连网信软件有限公司© 版权所有